000 01275nam a22003131 4500
001 29074
003 BD-RjUL
005 20211209051353.0
008 140402s1947 enka bs 001 0 eng
035 _a(BD-RjUL)29159
035 _a(OCoLC)1228354
040 _aDLC
_cOAU
_dOTMC
_dOkU-M
_dOCoLC
_dDLC
_dBD-RjUL
_beng
041 _aeng
060 _aWM 170 E98d 1948
082 _a616.8075
_bEYD 1947
100 1 _aEysenck, H. J.
_q(Hans Jurgen),
_d1916-1997.
_95838
245 1 0 _aDimensions of personality :
_ba record of research carried out in collaboration with H.T. Himmelweit [...et all] /
_cWith a foreword by Aubrey Lewis.
260 _aLondon :
_bK. Paul, Trench, Trubner,
_c1947.
300 _axi, 308 p. :
_bill., diagrs. ;
_c23 cm.
500 _a"The work described in this book was carried out at the Mill Hill Emergency Hospital, which, together with Sutton Emergency Hospital, was the war-time transformation of the Maudsley Hospital."
504 _aBibliography: p. 279-303. and index.
650 0 _aPsychiatry
_vCase studies.
_939516
650 0 _aPsychology, Pathological.
_988811
650 0 _aPersonality disorders.
_916006
700 1 _aHimmelweit, Hilde T.,
_ejoint author.
_988812
942 _2ddc
_cBK
999 _c29074
_d29074